Alcohol Brands by Partial Logo - Statistics

General Stats
  • This quiz has been taken 1,664 times
  • The average score is 11 of 24
Answer Stats
Picture Answer % Correct
Jack Daniel's
92%
Bailey's
84%
Bacardi
83%
Smirnoff
83%
Absolut
68%
Captain Morgan
67%
Jameson
59%
Jägermeister
57%
Aperol
55%
Fireball
53%
Grey Goose
53%
Jim Beam
51%
Southern Comfort
39%
Gordon's
37%
Beefeater
35%
Johnnie Walker
33%
Kraken
33%
Havana Club
28%
Tanqueray
28%
Aviation
26%
The Macallan
18%
Dead Man's Fingers
16%
Mount Gay
8%
Sipsmith
5%
No matching quizzes found
Score Distribution
Percent of People with Each Score
Percentile by Number Answered
Your Score History
You have not taken this quiz